000
00339nam a22001577a 4500
005
20160613165424.0
008
160613b xxu||||| |||| 00| 0 eng d
020
_a
81-85567-01-8
041
_a
eng
082
_b
7303
245
_a
Group Discussion
260
_b
S publishing
300
_a
192
650
_a
Management
_9
241
942
_c
BK
999
_c
2564
_d
2563